The ABC's of the CISG

Detalles Bibliográficos
Autor principal: Graves, Jack Michael
Formato: eBook
Lenguaje:inglés
Publicado: Chicago: American Bar Association, 2013
Materias:
Acceso en línea:Acceso restringido

MARC

LEADER 00000nam a22000007a 4500
005 20210225230350.0
007 cr|||| ||||
008 210225s2013 us |||||s|||| 00||0 eng d
020 |a 978-1-62722-121-4 
035 |a 32411 
040 |a vLex 
090 |c 11292  |d 11292 
100 1 |a Graves, Jack Michael 
245 1 3 |a The ABC's of the CISG  |h [Recurso electrn̤ico] /  |c Jack Michael Graves 
256 |a Servicio en ln̕ea 
260 |a Chicago:  |b American Bar Association,  |c 2013 
300 |a 1 recurso electrn̤ico 
506 1 |a Disponible solo en los productos indicados  |d vLex Global  |d vLex Global (Academic Edition, excluding Law Schools)  |d vLex Global (Academic Edition, Law Schools) 
650 0 4 |a Derecho Internacional  |z Estados Unidos 
740 0 |a vLex Libros (Servicio en ln̕ea) 
856 4 0 |u http://vlex.com/source/abc-s-cisg-32411  |z Acceso restringido 
942 |c BOOK 
999 0 |a International right